مكتبة جامعة عجلون الوطنية

فهرس بحث المكتبة

أثر تقنيات التحول الرقمي على الرقابة الداخلية في المؤسسة العامة للضمان الاجتماعي في الاردن = The Impact of Digital Transformation Techniques on Internal Control in the Social Security Corporation in Jordan / (Record no. 33321)

MARC details
000 -LEADER
fixed length control field 01124nam a22001937a 4500
003 - CONTROL NUMBER IDENTIFIER
control field JO-AjAnu
005 - DATE AND TIME OF LATEST TRANSACTION
control field 20240605115214.0
008 - FIXED-LENGTH DATA ELEMENTS--GENERAL INFORMATION
fixed length control field 240323b jo ||||| |||| 00| 0 ara d
040 ## - CATALOGING SOURCE
Original cataloging agency JO-AjAnu
Language of cataloging ara
Transcribing agency JO-AjAnu
Description conventions rda
041 #0 - LANGUAGE CODE
Language code of text/sound track or separate title ara
Language code of original ara
050 #4 - LIBRARY OF CONGRESS CALL NUMBER
Classification number HD30.213
Item number 2024
100 #0 - MAIN ENTRY--PERSONAL NAME
Personal name مقابلة، اسماعيل عبدالمجيد.
Relator term معد
9 (RLIN) 65079
245 #0 - TITLE STATEMENT
Title أثر تقنيات التحول الرقمي على الرقابة الداخلية في المؤسسة العامة للضمان الاجتماعي في الاردن = The Impact of Digital Transformation Techniques on Internal Control in the Social Security Corporation in Jordan /
Statement of responsibility, etc. اعداد اسماعيل عبد المجيد مقابلة ؛ اشراف مهند العبيني
300 ## - PHYSICAL DESCRIPTION
Extent 90 ورقة
500 ## - GENERAL NOTE
General note رسالة جامعية (ماجستير في المحاسبة) - جامعة عجلون الوطنية (عجلون، الاردن)، كلية الاعمال، 2024.
650 #0 - SUBJECT ADDED ENTRY--TOPICAL TERM
Topical term or geographic name entry element المحاسبة - مؤسسة الضمان الاجتماعي.
9 (RLIN) 65080
700 #0 - ADDED ENTRY--PERSONAL NAME
Personal name العبيني، مهند.
Relator term مشرف
9 (RLIN) 65082
942 ## - ADDED ENTRY ELEMENTS (KOHA)
Source of classification or shelving scheme Library of Congress Classification
Koha item type Thesis
Suppress in OPAC No
Holdings
Withdrawn status Lost status Source of classification or shelving scheme Damaged status Not for loan Home library Current library Date acquired Total Checkouts Full call number Barcode Date last seen Price effective from Koha item type
    Library of Congress Classification     مكتبة جامعة عجلون الوطنية مكتبة جامعة عجلون الوطنية 23/03/2024   HD30.213 2024 a29800 23/03/2024 23/03/2024 Thesis
    Library of Congress Classification     مكتبة جامعة عجلون الوطنية مكتبة جامعة عجلون الوطنية 23/03/2024   HD30.213 2024 a29801 23/03/2024 23/03/2024 Thesis